Anthropoid Origins : New Visions /

This second edition will be an edited volume of interest to those who do research and teach about the evolution of primates. It aims to convey to primatologists, anthropologists, palaeontologists, and neuroscientists the most recent studies of primate phylogeny, the anthropoid fossil record, the evo...

Full description

Bibliographic Details
Main Author: Ross, Callum F.
Corporate Author: SpringerLink (Online service)
Other Authors: Kay, Richard F.
Format: eBook
Language:English
Published: Boston, MA : Springer US, 2004.
Series:Developments in primatology.
Subjects:
Online Access:Connect to the full text of this electronic book

MARC

Tag First Indicator Second Indicator Subfields
LEADER 00000cam a2200000Ma 4500
001 in00003540721
006 m o d
007 cr nn|||||||||
008 121227s2004 mau o 000 0 eng d
005 20260422200552.4
020 |a 9781441988737 (electronic bk.) 
020 |a 1441988734 (electronic bk.) 
035 |a (OCoLC)840276677 
040 |a I9W  |b eng  |e pn  |c I9W  |d OCLCO  |d OCLCQ  |d UV0  |d OCLCO  |d GW5XE  |d OCLCF  |d UtOrBLW 
049 |a TXAM 
050 4 |a RC321-580 
082 0 4 |a 612.8  |2 23 
100 1 |a Ross, Callum F. 
245 1 0 |a Anthropoid Origins :  |b New Visions /  |c by Callum F. Ross, Richard F. Kay. 
264 1 |a Boston, MA :  |b Springer US,  |c 2004. 
300 |a 1 online resource (739 pages) 
336 |a text  |b txt  |2 rdacontent 
337 |a computer  |b c  |2 rdamedia 
338 |a online resource  |b cr  |2 rdacarrier 
490 1 |a Developments in primatology : progress and prospects 
520 |a This second edition will be an edited volume of interest to those who do research and teach about the evolution of primates. It aims to convey to primatologists, anthropologists, palaeontologists, and neuroscientists the most recent studies of primate phylogeny, the anthropoid fossil record, the evolution of the primate visual system, and the origin of the anthropoid social systems. This title includes a CD-ROM and color figures. 
500 |a Electronic resource. 
650 0 |a Medicine. 
650 0 |a Neurosciences. 
650 0 |a Paleontology. 
650 0 |a Human anatomy. 
650 0 |a Evolution (Biology) 
650 0 |a Anthropology. 
650 7 |a Anthropology.  |2 fast  |0 (OCoLC)fst00810196 
650 7 |a Evolution (Biology)  |2 fast  |0 (OCoLC)fst00917302 
650 7 |a Human anatomy.  |2 fast  |0 (OCoLC)fst00962785 
650 7 |a Medicine.  |2 fast  |0 (OCoLC)fst01014893 
650 7 |a Neurosciences.  |2 fast  |0 (OCoLC)fst01036509 
650 7 |a Paleontology.  |2 fast  |0 (OCoLC)fst01051513 
655 7 |a Electronic books.  |2 local 
700 1 |a Kay, Richard F. 
710 2 |a SpringerLink (Online service) 
830 0 |a Developments in primatology. 
856 4 0 |u http://proxy.library.tamu.edu/login?url=https://link.springer.com/10.1007/978-1-4419-8873-7  |z Connect to the full text of this electronic book  |t 0 
994 |a 92  |b TXA 
999 |a MARS 
999 f f |s 3bd2af0e-fd3d-3895-9209-51cfa04a4080  |i ae623c60-c8cc-3158-86c9-20c3be0592a5  |t 0 
952 f f |a Texas A&M University  |b College Station  |c Electronic Resources  |s www_evans  |d Available Online  |t 0  |e RC321-580  |h Library of Congress classification 
998 f f |a RC321-580  |t 0  |l Available Online